| 000 | 01639nam a22004337a 4500 | ||
|---|---|---|---|
| 003 | CHAP | ||
| 005 | 20220329143256.0 | ||
| 008 | 061128s2006 mx bd r 00010 spa d | ||
| 010 | _a94307 | ||
| 011 | _a95279 | ||
| 035 | _a105898 | ||
| 040 | _cCHAP | ||
| 090 | _aTesis | ||
| 100 | 1 |
_aMeixueiro Huato, Cesar _974228 |
|
| 245 | 1 | 0 |
_aPropuesta de un laboratorio a pequeña escala para la propagación del micelio del hongo seta (Pleurotus ostreatus) _c/por Cesar Meixueiro Huato |
| 260 |
_aHuatusco, Ver. : _bEl autor, _c2007 |
||
| 300 |
_a77 h. : _bilus. ; cuadros. |
||
| 502 | _aTesis (Ing. Agr. Esp. en Zonas Tropicales) -- UACH. Dirección de Centros Regionales | ||
| 530 | _aTambién disponible en línea | ||
| 590 |
_aALEPH _b10 _c20130110 _lUCH01 _h1521 |
||
| 590 |
_aBATCH-UPD _b10 _c20130110 _lUCH01 _h0754 |
||
| 590 |
_aBATCH-UPD _b10 _c20130410 _lUCH01 _h0434 |
||
| 590 |
_aBATCH-UPD _b10 _c20130914 _lUCH01 _h1408 |
||
| 590 |
_aBATCH-UPD _b10 _c20140324 _lUCH01 _h1505 |
||
| 590 |
_aBATCH-UPD _b10 _c20141002 _lUCH01 _h0835 |
||
| 590 |
_aCONVERSION _b10 _c20130109 _lUCH01 _h1352 |
||
| 650 | 1 | 4 |
_aFinanzas _xEvaluación. _940940 |
| 650 | 1 | 4 |
_aFlujo laminar. _941893 |
| 650 | 1 | 4 |
_aLaboratorios. _964286 |
| 650 | 1 | 4 |
_aPleurotus ostreatus. _989176 |
| 650 | 1 | 4 |
_aSetas _xRendimiento. _9105381 |
| 650 | 1 | 4 |
_aSetas _xSemilla. _9105382 |
| 856 |
_3Finding aid _uhttp://10.13.5.2/tesis/105898.pdf _zTeclea aqui |
||
| 901 | _aBK | ||
| 905 | _aElisama A. H. | ||
| 942 | _cFOLL | ||
| 949 |
_aTesis _bBC _cTES _d33724002045496 _eTS1 _gDonaciØn _h47384 _i105898 _sb |
||
| 949 |
_aTesis _bBC _cTES _d33724002045538 _eTS2 _fc.2 _gDonaciØn _h47385 _i105898 _si |
||
| 999 |
_c94307 _d94307 |
||